[Event "309th YMCA Autumn D"]
[Site "Warsaw"]
[Date "2025.09.23"]
[Round "1"]
[White "Dzierzko, Marcin"]
[Black "Sloniewski, Wojciech"]
[Result "1-0"]
[WhiteElo "1563"]
[BlackElo "1462"]
[PlyCount "36"]
[EventDate "2025.09.23"]
[EventRounds "1"]
[EventCountry "POL"]
[SourceDate "2025.10.01"]

1. e4 c5 2. c3 Nf6 3. e5 Nd5 4. d4 cxd4 5. cxd4 e6 6. Nf3 d6 7. Bc4 Nb6 8. Be2
Nc6 9. O-O Nd5 10. Bc4 Nb6 11. Bb5 Bd7 12. Nc3 a6 13. Be2 Be7 14. Bf4 Qc7 15.
Qd2 g5 16. exd6 gxf4 17. dxc7 Bd6 18. d5 exd5 1-0

[Event "309th YMCA Autumn D"]
[Site "Warsaw"]
[Date "2025.09.23"]
[Round "1"]
[White "Matyszkiewicz, Radoslaw"]
[Black "Przybylik, Mariusz"]
[Result "1/2-1/2"]
[WhiteElo "1550"]
[BlackElo "1534"]
[PlyCount "120"]
[EventDate "2025.09.23"]
[EventRounds "1"]
[EventCountry "POL"]
[SourceDate "2025.10.01"]

1. e4 c5 2. Nf3 Nc6 3. d4 cxd4 4. Nxd4 d6 5. Nc3 Nf6 6. Bg5 e5 7. Bxf6 Qxf6 8.
Nd5 Qd8 9. Nf5 Bxf5 10. exf5 Be7 11. Bc4 O-O 12. c3 Rc8 13. Bb3 b5 14. Qd3 a6
15. Bc2 g6 16. h4 Bf6 17. g4 e4 18. Qh3 b4 19. g5 Be5 20. Bxe4 bxc3 21. bxc3
Ne7 22. Nf6+ Kh8 23. Rc1 Qa5 24. fxg6 Rxc3 25. Rxc3 Rc8 26. O-O Qxc3 27. Qxc3
Rxc3 28. gxf7 Kg7 29. Kg2 Kxf7 30. Nxh7 Rc4 31. f3 d5 32. f4 Rxe4 33. fxe5+ Kg7
34. Nf6 Rxe5 35. Ne8+ Kg6 36. Rf6+ Kh5 37. Rh6+ Kg4 38. Nf6+ Kf5 39. Kf3 d4 40.
Ng4 Re6 41. Rxe6 Kxe6 42. Ke4 Nf5 43. h5 Ng3+ 44. Kxd4 Nxh5 45. Ne5 Nf4 46. Ke4
Nd5 47. a3 Nc3+ 48. Kf4 Nd5+ 49. Ke4 Nc3+ 50. Kd3 Nb5 51. g6 Kf6 52. a4 Nd6 53.
Kd4 Nf5+ 54. Kd5 Ne7+ 55. Kd6 Nf5+ 56. Kc5 Kxe5 57. Kb6 Kd6 58. Kb7 Kd7 59.
Kxa6 Kc6 60. a5 Ng7 1/2-1/2

[Event "309th YMCA Autumn D"]
[Site "Warsaw"]
[Date "2025.09.23"]
[Round "1"]
[White "Chojnacki, Grzegorz"]
[Black "Dabrowski, Leszek"]
[Result "1/2-1/2"]
[WhiteElo "1447"]
[BlackElo "1479"]
[PlyCount "91"]
[EventDate "2025.09.23"]
[EventRounds "1"]
[EventCountry "POL"]
[SourceDate "2025.10.01"]

1. Nc3 d5 2. e4 d4 3. Nce2 e5 4. Ng3 Be6 5. Nf3 Nd7 6. c3 c5 7. Bb5 Bd6 8. d3
a6 9. Bxd7+ Bxd7 10. a4 Ne7 11. Bd2 Ng6 12. Qb3 b6 13. Ng5 O-O 14. O-O Nf4 15.
Nf3 Nxd3 16. cxd4 Nb4 17. dxe5 Be6 18. Qd1 Bc7 19. Bxb4 cxb4 20. Qe1 Qe7 21.
Nf5 Bxf5 22. exf5 a5 23. Qe3 Rfe8 24. Rfe1 Rad8 25. f6 gxf6 26. exf6 Qxf6 27.
Qc1 Rc8 28. Rxe8+ Rxe8 29. Qxc7 Qxb2 30. Rd1 Qb3 31. Qd7 Re7 32. Qg4+ Kf8 33.
Ng5 Qc2 34. Qd4 Kg8 35. h3 Qe2 36. Qd3 Qxd3 37. Rxd3 Rc7 38. Rb3 Rc3 39. Rb1
Ra3 40. Ne4 Rxa4 41. Nd2 Ra2 42. Nb3 a4 43. Nc1 Rc2 44. Kh2 b3 45. Nxb3 axb3
46. Rxb3 1/2-1/2

[Event "309th YMCA Autumn D"]
[Site "Warsaw"]
[Date "2025.09.23"]
[Round "1"]
[White "Moszczynski-Petkowski, Rafal"]
[Black "Golebiowski, Sebastian"]
[Result "1-0"]
[WhiteElo "1426"]
[BlackElo "1447"]
[PlyCount "197"]
[EventDate "2025.09.23"]
[EventRounds "1"]
[EventCountry "POL"]
[SourceDate "2025.10.01"]

1. d4 d5 2. Nc3 Nf6 3. Bf4 Bf5 4. e3 e6 5. a3 Be7 6. Nb5 Na6 7. f3 c6 8. Nc3
Nb8 9. g4 Bg6 10. h4 h5 11. g5 Nfd7 12. Bd3 Bxd3 13. Qxd3 g6 14. Nh3 O-O 15.
O-O c5 16. b3 a6 17. Ne2 Qc8 18. c4 dxc4 19. bxc4 Rd8 20. Bg3 Nf8 21. Nf2 Nc6
22. Ne4 e5 23. d5 Qf5 24. Qc3 Na7 25. Bxe5 Nh7 26. Rad1 Nxg5 27. hxg5 Bxg5 28.
N2g3 Bxe3+ 29. Kg2 Bd4 30. Nxf5 Bxc3 31. Nh6+ Kh7 32. Nxf7 Bxe5 33. Nxd8 Rxd8
34. Nxc5 Rc8 35. Nd3 Bd6 36. c5 Bf8 37. Rfe1 Nb5 38. Rb1 Bxc5 39. Nxc5 Rxc5 40.
a4 Nd6 41. Red1 Kh6 42. Rb6 Nc4 43. Re6 Kg5 44. d6 Nb6 45. d7 Nxd7 46. Rxd7 b5
47. axb5 axb5 48. Red6 Kh6 49. Rd5 Rc2+ 50. Kg3 b4 51. Rb5 Rc1 52. Rxb4 Rg1+
53. Kf2 Ra1 54. Rbd4 Ra2+ 55. Rd2 Ra4 56. R2d4 Ra2+ 57. Kg3 Ra1 58. Rd1 Ra3 59.
R7d6 Rb3 60. Kh4 Rxf3 61. Rg1 Rf4+ 62. Kg3 Rf5 63. Rg2 Kh7 64. Rf2 Rg5+ 65. Kh3
Rg1 66. Kh2 Rg4 67. Kh3 Rg1 68. Rff6 Rg5 69. Rf7+ Kh6 70. Rd8 Ra5 71. Rff8 Ra3+
72. Kg2 Ra2+ 73. Kf3 Ra3+ 74. Ke4 Ra4+ 75. Rd4 Ra1 76. Rd3 Re1+ 77. Re3 Ra1 78.
Kf4 Rf1+ 79. Rf3 Ra1 80. Kg3 Rg1+ 81. Kh2 Rg4 82. R8f4 Rg5 83. Rg3 Ra5 84. Rf6
Kh7 85. Rgxg6 Ra2+ 86. Kh3 Ra1 87. Rg2 Rh1+ 88. Rh2 Rg1 89. Rff2 Rg5 90. Rhg2
Ra5 91. Kh4 Kh8 92. Rg5 Ra6 93. Kxh5 Rb6 94. Kg4 Rb4+ 95. Rf4 Rb3 96. Rf8+ Kh7
97. Rf7+ Kh8 98. Rf6 Ra3 99. Rh6# 1-0

[Event "309th YMCA Autumn D"]
[Site "Warsaw"]
[Date "2025.09.23"]
[Round "1"]
[White "Martin, Aisha"]
[Black "Florczak, Witold"]
[Result "0-1"]
[WhiteElo "1469"]
[BlackElo "1449"]
[PlyCount "66"]
[EventDate "2025.09.23"]
[EventRounds "1"]
[EventCountry "POL"]
[SourceDate "2025.10.01"]

1. d4 Nf6 2. Nf3 g6 3. c4 Bg7 4. Nc3 d6 5. e4 O-O 6. h3 Nbd7 7. Be3 e5 8. d5 a5
9. Qd2 Nc5 10. Bxc5 dxc5 11. Qe3 b6 12. Nxe5 Nxd5 13. exd5 Bxe5 14. Be2 Re8 15.
Qd2 Qe7 16. O-O Bf5 17. Bf3 Rad8 18. Rfe1 Qh4 19. Be4 Bxc3 20. Qxc3 Rxe4 21.
Rxe4 Qxe4 22. Re1 Qd4 23. Qg3 Rd7 24. b3 Kf8 25. Qg5 Kg7 26. h4 h6 27. Qg3 h5
28. Re8 Qf6 29. Ra8 Qd6 30. Qc3+ f6 31. Re8 Re7 32. Rxe7+ Qxe7 33. Kh2 Qe5+ 0-1

[Event "309th YMCA Autumn D"]
[Site "Warsaw"]
[Date "2025.10.01"]
[Round "2"]
[White "Sloniewski, Wojciech"]
[Black "Florczak, Witold"]
[Result "1/2-1/2"]
[WhiteElo "1462"]
[BlackElo "1449"]
[PlyCount "109"]
[EventDate "2025.09.23"]
[EventRounds "1"]
[EventCountry "POL"]
[SourceDate "2025.10.01"]

1. e4 c6 2. d4 d5 3. exd5 cxd5 4. Bd3 Nc6 5. c3 g6 6. Bf4 Bg7 7. Nf3 Bg4 8.
Nbd2 e6 9. O-O Nge7 10. Qc2 Bf5 11. Rfe1 O-O 12. h4 Rc8 13. Qb1 b5 14. a3 a5
15. h5 b4 16. axb4 axb4 17. Ng5 bxc3 18. bxc3 Na5 19. hxg6 hxg6 20. Bxf5 Nxf5
21. Rxe6 Rxc3 22. Rxg6 fxg6 23. Ne6 Qa8 24. Nxf8 Qxf8 25. Nf3 Nxd4 26. Nxd4
Bxd4 27. Qxg6+ Qg7 28. Qe8+ Qf8 29. Qg6+ Bg7 30. Qe6+ Qf7 31. Qxf7+ Kxf7 32.
Bd2 Rc5 33. Bb4 Rb5 34. Bxa5 Rxa5 35. Re1 d4 36. Kf1 d3 37. Rd1 Ra3 38. f4 Ke6
39. Kf2 Kd5 40. Ke3 Bd4+ 41. Kd2 Ke4 42. Re1+ Kxf4 43. Rf1+ Ke4 44. Re1+ Kd5
45. Rc1 Rb3 46. Rh1 Kc4 47. Rc1+ Bc3+ 48. Ke3 Rb2 49. Rd1 Re2+ 50. Kf3 Kd4 51.
g4 Re3+ 52. Kf2 Ke4 53. g5 Rf3+ 54. Kg2 Ke3 55. Rxd3+ 1/2-1/2

[Event "309th YMCA Autumn D"]
[Site "Warsaw"]
[Date "2025.10.01"]
[Round "2"]
[White "Golebiowski, Sebastian"]
[Black "Martin, Aisha"]
[Result "1-0"]
[WhiteElo "1447"]
[BlackElo "1469"]
[PlyCount "113"]
[EventDate "2025.09.23"]
[EventRounds "1"]
[EventCountry "POL"]
[SourceDate "2025.10.01"]

1. d4 Nf6 2. c4 g6 3. Nc3 d5 4. e3 Bg7 5. Nf3 O-O 6. Bd3 Nc6 7. a3 a5 8. O-O h6
9. Re1 Re8 10. Qc2 Bg4 11. Ne5 Nxe5 12. dxe5 dxc4 13. Bxc4 Bf5 14. Qb3 Ne4 15.
Nxe4 Bxe4 16. Bxf7+ Kh8 17. Bxe8 Qxe8 18. f3 Bc6 19. Bd2 Ba4 20. Qc3 b6 21.
Rac1 Rd8 22. b3 Bb5 23. Qb2 c5 24. Bc3 e6 25. Rcd1 Bf8 26. Rd2 Be7 27. Red1 Rc8
28. Qc2 a4 29. Qb2 axb3 30. Qxb3 Ba4 31. Qxe6 Bxd1 32. Rxd1 Bf8 33. Qxe8 Rxe8
34. Rd7 Bg7 35. f4 g5 36. Kf2 Ra8 37. Bb2 b5 38. Rb7 gxf4 39. exf4 Ra4 40. g3
b4 41. axb4 cxb4 42. Ke3 Bf8 43. Kd3 Kg8 44. e6 Ra2 45. Kc2 Ra6 46. f5 Rc6+ 47.
Kb3 Rc5 48. e7 Bxe7 49. Rxe7 Rxf5 50. Rg7+ Kf8 51. h4 h5 52. Rg5 Rxg5 53. hxg5
Kf7 54. Bf6 Ke6 55. Kxb4 Kf7 56. Kc5 Ke6 57. Kc6 1-0

[Event "309th YMCA Autumn D"]
[Site "Warsaw"]
[Date "2025.09.30"]
[Round "2"]
[White "Przybylik, Mariusz"]
[Black "Chojnacki, Grzegorz"]
[Result "0-1"]
[WhiteElo "1534"]
[BlackElo "1447"]
[PlyCount "108"]
[EventDate "2025.09.23"]
[EventRounds "1"]
[EventCountry "POL"]
[SourceDate "2025.10.01"]

1. d4 d5 2. Bf4 c5 3. e3 Nc6 4. c3 Qb6 5. Qb3 c4 6. Qxb6 axb6 7. Nd2 Nf6 8.
Ngf3 Bf5 9. Be2 e6 10. O-O Be7 11. Ne5 b5 12. a3 h5 13. Nxc6 bxc6 14. Nf3 Ne4
15. Rfd1 g5 16. Bc7 f6 17. h3 h4 18. Nd2 Nxd2 19. Rxd2 b4 20. a4 Kd7 21. Bh2 b3
22. f4 Ra6 23. Bg4 Bg6 24. fxg5 f5 25. Bf3 Bxg5 26. Kf2 Rha8 27. Be2 Rxa4 28.
Rxa4 Rxa4 29. Bf4 Be7 30. g4 fxg4 31. Bxg4 Ra2 32. Ke2 Bc2 33. Rxc2 bxc2 34. e4
Rxb2 35. Bc1 Rb1 36. Kd2 Bg5+ 37. Kxc2 Rxc1+ 38. Kb2 Bd2 39. exd5 cxd5 40. Bh5
Rxc3 41. Bg4 Rc1 42. Be2 c3+ 43. Kb3 Rb1+ 44. Kc2 Rb2+ 45. Kd1 Be3 46. Bd3 Rd2+
47. Kc1 Rxd3+ 48. Kc2 Rxd4 49. Kxc3 Kc6 50. Kc2 Kc5 51. Kc3 Bd2+ 52. Kc2 Kc4
53. Kb1 Kb3 54. Ka1 Rc4 0-1

[Event "309th YMCA Autumn D"]
[Site "Warsaw"]
[Date "2025.10.01"]
[Round "2"]
[White "Dzierzko, Marcin"]
[Black "Matyszkiewicz, Radoslaw"]
[Result "1-0"]
[WhiteElo "1563"]
[BlackElo "1550"]
[PlyCount "115"]
[EventDate "2025.09.23"]
[EventRounds "1"]
[EventCountry "POL"]
[SourceDate "2025.10.01"]

1. e4 c5 2. c3 Nf6 3. e5 Nd5 4. d4 cxd4 5. cxd4 e6 6. Nf3 d6 7. Be2 Nd7 8. O-O
dxe5 9. dxe5 Be7 10. Bd2 O-O 11. Nc3 Nc7 12. Rc1 f6 13. exf6 Nxf6 14. Bc4 Kh8
15. Bf4 Ncd5 16. Bg3 b6 17. Nxd5 Nxd5 18. Bxd5 Qxd5 19. Qxd5 exd5 20. Rfd1 Bf6
21. Be5 Bg4 22. Bxf6 Rxf6 23. Rxd5 Bxf3 24. gxf3 Rxf3 25. Rcd1 Raf8 26. R1d2 g6
27. Rd8 Rxd8 28. Rxd8+ Kg7 29. Kg2 Rf7 30. Rd6 Kf8 31. Kf1 Ke7 32. Rc6 Kd7 33.
Rc3 Rf5 34. Ke2 h5 35. Rf3 Rxf3 36. Kxf3 g5 37. Ke4 Ke6 38. f4 gxf4 39. Kxf4
Kf6 40. h4 Kg6 41. Ke5 b5 42. b4 Kg7 43. Kf5 Kh6 44. Kf6 a6 45. a3 Kh7 46. Kg5
Kg7 47. Kxh5 Kf6 48. Kg4 Kg6 49. Kf4 Kh5 50. Ke5 Kxh4 51. Kd5 Kg5 52. Kc5 Kf6
53. Kb6 Ke7 54. Kxa6 Kd7 55. Kxb5 Kc7 56. Ka6 Kb8 57. Kb6 Ka8 58. Kc7 1-0

[Event "309th YMCA Autumn D"]
[Site "Warsaw"]
[Date "2025.10.07"]
[Round "3"]
[White "Matyszkiewicz, Radoslaw"]
[Black "Sloniewski, Wojciech"]
[Result "1-0"]
[WhiteElo "1550"]
[BlackElo "1462"]
[PlyCount "95"]
[EventDate "2025.09.23"]
[EventRounds "1"]
[EventCountry "POL"]
[SourceDate "2025.10.01"]

1. e4 c5 2. Nf3 e6 3. d4 cxd4 4. Nxd4 Nc6 5. Nc3 Qc7 6. Ndb5 Qb8 7. g3 a6 8.
Nd4 Be7 9. Nxc6 bxc6 10. Bg2 Nf6 11. O-O d5 12. exd5 cxd5 13. Rb1 Bb7 14. Re1
O-O 15. Bf4 Bd6 16. Bg5 Qd8 17. Ne2 h6 18. Bd2 Rc8 19. b3 Ba8 20. Bf4 Ba3 21.
Be5 Ne4 22. Bxe4 dxe4 23. c4 Bb4 24. Qxd8 Rfxd8 25. Red1 Rd2 26. Bc3 Rxe2 27.
Bxb4 Rxa2 28. Rd6 a5 29. Ra6 a4 30. bxa4 Rb8 31. c5 Bd5 32. c6 Rc2 33. a5 Rxc6
34. Rxc6 Bxc6 35. Kf1 Bd5 36. Ke2 Kh7 37. Ke3 Kg6 38. Kd4 Kf5 39. h3 h5 40. Kc5
Rc8+ 41. Kb6 Rb8+ 42. Kc5 Rc8+ 43. Kb6 Rb8+ 44. Kc7 Rb7+ 45. Kc8 g5 46. Rb2 h4
47. g4+ Kf6 48. Bc3+ 1-0

[Event "309th YMCA Autumn D"]
[Site "Warsaw"]
[Date "2025.10.08"]
[Round "3"]
[White "Chojnacki, Grzegorz"]
[Black "Dzierzko, Marcin"]
[Result "1/2-1/2"]
[WhiteElo "1447"]
[BlackElo "1563"]
[PlyCount "67"]
[EventDate "2025.09.23"]
[EventRounds "1"]
[EventCountry "POL"]
[SourceDate "2025.10.01"]

1. Nc3 d5 2. e4 dxe4 3. Nxe4 Nf6 4. Nxf6+ exf6 5. d4 Bd6 6. Nf3 O-O 7. Bc4 Nc6
8. O-O Bg4 9. h3 Bxf3 10. Qxf3 Nxd4 11. Qxb7 Nxc2 12. Rb1 Nd4 13. Be3 Nf5 14.
Bxa7 Be7 15. Rfd1 Nd6 16. Qa6 Qc8 17. Qxc8 Rfxc8 18. Bc5 Nxc4 19. Bxe7 Re8 20.
Rd7 Nb6 21. Rxc7 Nd5 22. Bd6 Nxc7 23. Bxc7 Rxa2 24. b4 Ree2 25. Bg3 h6 26. Rc1
Rac2 27. Ra1 Rb2 28. Ra8+ Kh7 29. Rb8 Re4 30. Bd6 Rd4 31. Bc5 Rc4 32. Bd6 Rc6
33. Bf4 Rcc2 34. Be3 1/2-1/2

[Event "309th YMCA Autumn D"]
[Site "Warsaw"]
[Date "2025.10.07"]
[Round "3"]
[White "Moszczynski-Petkowski, Rafal"]
[Black "Dabrowski, Leszek"]
[Result "1-0"]
[WhiteElo "1426"]
[BlackElo "1479"]
[PlyCount "55"]
[EventDate "2025.09.23"]
[EventRounds "1"]
[EventCountry "POL"]
[SourceDate "2025.10.01"]

1. Nf3 Nf6 2. e3 d5 3. c4 c6 4. b3 Bf5 5. Bb2 Nbd7 6. d4 Bxb1 7. Qxb1 Qa5+ 8.
Nd2 Ne4 9. Qc2 e6 10. a3 Qxd2+ 11. Qxd2 Nxd2 12. Kxd2 Nb6 13. c5 Nd7 14. Be2 e5
15. b4 e4 16. b5 Rb8 17. Bc3 Be7 18. bxc6 bxc6 19. Bg4 h5 20. Be2 Nf6 21. Rhb1
Kd7 22. h3 g6 23. Rb4 Rhc8 24. Ba6 Rd8 25. Rab1 Rxb4 26. Rxb4 Ne8 27. Rb7+ Nc7
28. Ba5 1-0

[Event "309th YMCA Autumn D"]
[Site "Warsaw"]
[Date "2025.10.10"]
[Round "3"]
[White "Florczak, Witold"]
[Black "Golebiowski, Sebastian"]
[Result "1-0"]
[WhiteElo "1449"]
[BlackElo "1447"]
[PlyCount "63"]
[EventDate "2025.09.23"]
[EventRounds "1"]
[EventCountry "POL"]
[SourceDate "2025.10.01"]

1. e4 c6 2. d4 d5 3. exd5 cxd5 4. Bd3 Nc6 5. c3 Nf6 6. h3 e6 7. Nf3 Be7 8. Bg5
O-O 9. O-O b6 10. Re1 a5 11. Nbd2 Ba6 12. Bc2 Re8 13. Ne5 Qc7 14. Bxf6 Bxf6 15.
Qh5 g6 16. Qf3 Bxe5 17. dxe5 Ne7 18. h4 Kh8 19. Qf6+ Kg8 20. h5 gxh5 21. Qh6
Nf5 22. Qxh5 Qe7 23. Nf3 Qf8 24. Bxf5 exf5 25. Qxf5 Bc8 26. Qh5 h6 27. Nd4 Qg7
28. Re3 Kh7 29. Rg3 Qxe5 30. Qxf7+ Kh8 31. Re3 Qh5 32. Rxe8# 1-0

[Event "309th YMCA Autumn D"]
[Site "Warsaw"]
[Date "2025.10.14"]
[Round "4"]
[White "Sloniewski, Wojciech"]
[Black "Golebiowski, Sebastian"]
[Result "1-0"]
[WhiteElo "1462"]
[BlackElo "1447"]
[PlyCount "60"]
[EventDate "2025.09.23"]
[EventRounds "1"]
[EventCountry "POL"]
[SourceDate "2025.10.01"]

1. e4 c6 2. d4 d5 3. exd5 cxd5 4. Bd3 Nf6 5. Bf4 Nc6 6. c3 a6 7. Nf3 Bg4 8.
Nbd2 e6 9. O-O Be7 10. Qc2 Bxf3 11. Nxf3 O-O 12. Bg3 b5 13. Ng5 g6 14. b3 Nh5
15. Nf3 Nxg3 16. fxg3 Qc7 17. Nh4 Bxh4 18. gxh4 Rac8 19. Rac1 Na5 20. h5 f5 21.
Qe2 Qb6 22. hxg6 hxg6 23. Rf3 Rc7 24. Rcf1 Rff7 25. Qf2 Nb7 26. Qg3 Rg7 27. Qg5
Qd6 28. Re1 Rh7 29. Qxg6+ Rhg7 30. Qxe6+ Qxe6 1-0

[Event "309th YMCA Autumn D"]
[Site "Warsaw"]
[Date "2025.10.15"]
[Round "4"]
[White "Dabrowski, Leszek"]
[Black "Martin, Aisha"]
[Result "1/2-1/2"]
[WhiteElo "1479"]
[BlackElo "1469"]
[PlyCount "119"]
[EventDate "2025.09.23"]
[EventRounds "1"]
[EventCountry "POL"]
[SourceDate "2025.10.01"]

1. e4 c5 2. d4 cxd4 3. c3 dxc3 4. Nxc3 e6 5. Bc4 a6 6. a3 b5 7. Ba2 Bb7 8. Bf4
Nf6 9. Qe2 d6 10. Rd1 Nbd7 11. Bxd6 Bxd6 12. Rxd6 O-O 13. Nf3 Qc7 14. Rd1 Rfd8
15. O-O Nc5 16. Bb1 Qf4 17. Nd2 Rd7 18. g3 Qh6 19. b4 Rad8 20. f4 Nd3 21. Nb3
Nxf4 22. gxf4 Rxd1 23. Rxd1 Rxd1+ 24. Qxd1 g6 25. Nc5 Qxf4 26. Qe1 Ng4 27. Qe2
Bc8 28. Nd3 Qe3+ 29. Qxe3 Nxe3 30. Ne5 f6 31. Nc6 Kf7 32. Kf2 Nc4 33. a4 bxa4
34. Bd3 Nb2 35. Bc2 a3 36. Ke3 e5 37. Bb3+ Ke8 38. Nb1 Nd1+ 39. Ke2 Bg4+ 40.
Ke1 Nb2 41. Nxa3 Bd7 42. Nb8 Nd3+ 43. Kd2 Nxb4 44. Kc3 a5 45. Nc4 Nc6 46. Nxd7
Kxd7 47. Ba4 Kc7 48. Bxc6 Kxc6 49. Nxa5+ Kd6 50. Nc4+ Ke6 51. Ne3 h5 52. Kd3 f5
53. exf5+ gxf5 54. Ke2 f4 55. Ng2 Kf5 56. h3 e4 57. Kf2 f3 58. Nh4+ Kg5 59.
Nxf3+ exf3 60. Kxf3 1/2-1/2

[Event "309th YMCA Autumn D"]
[Site "Warsaw"]
[Date "2025.10.14"]
[Round "4"]
[White "Przybylik, Mariusz"]
[Black "Moszczynski-Petkowski, Rafal"]
[Result "0-1"]
[WhiteElo "1534"]
[BlackElo "1426"]
[PlyCount "102"]
[EventDate "2025.09.23"]
[EventRounds "1"]
[EventCountry "POL"]
[SourceDate "2025.10.01"]

1. d4 c5 2. dxc5 e6 3. b4 a5 4. c3 axb4 5. cxb4 Qf6 6. Qc2 Qxa1 7. Nc3 Nc6 8.
Nb5 Rxa2 9. Qc3 Nxb4 10. Nf3 Qxc3+ 11. Nxc3 Ra1 12. Kd2 Bxc5 13. e3 Nf6 14. Bb2
Ra5 15. Be2 b6 16. Rc1 Ba6 17. Bxa6 Rxa6 18. Nb5 Ke7 19. Ne5 Ne4+ 20. Ke2 Ra2
21. Rb1 Nd6 22. Nc3 Ra5 23. f4 f6 24. Nf3 Nc4 25. Bc1 Rha8 26. Nd4 Ra1 27. Rxa1
Rxa1 28. Nb3 Ra8 29. e4 Na2 30. Nxa2 Rxa2+ 31. Kf3 Bb4 32. Nd4 Bd2 33. Bxd2
Rxd2 34. Nb5 Nd6 35. Nc7 b5 36. e5 fxe5 37. fxe5 Nc4 38. Nxb5 Nxe5+ 39. Kg3 Nc6
40. h4 Nd4 41. Nc7 d5 42. Na6 Nf5+ 43. Kh3 d4 44. Nb4 Kd6 45. g4 Ne3 46. Kg3
Nd5 47. Na6 e5 48. Kf3 Rd1 49. Ke4 d3 50. g5 d2 51. Kd3 Ra1 0-1

[Event "309th YMCA Autumn D"]
[Site "Warsaw"]
[Date "2025.10.14"]
[Round "4"]
[White "Matyszkiewicz, Radoslaw"]
[Black "Chojnacki, Grzegorz"]
[Result "1-0"]
[WhiteElo "1550"]
[BlackElo "1447"]
[PlyCount "67"]
[EventDate "2025.09.23"]
[EventRounds "1"]
[EventCountry "POL"]
[SourceDate "2025.10.01"]

1. e4 e6 2. Qe2 Bc5 3. g3 Nc6 4. Nf3 Nge7 5. Bg2 d5 6. d3 Nd4 7. Nxd4 Bxd4 8.
c3 Bb6 9. O-O O-O 10. Bg5 d4 11. e5 h6 12. Bf4 Ng6 13. Nd2 Nxf4 14. gxf4 Rb8
15. Qg4 Bd7 16. Ne4 Bc6 17. c4 a6 18. Kh1 Bxe4 19. Bxe4 f5 20. exf6 Qxf6 21.
Rg1 Rf7 22. Rg2 c6 23. Rag1 Bc7 24. Qh3 Bxf4 25. Rg6 Qe5 26. Rxe6 Rf6 27. Rxe5
Bxe5 28. f3 Bf4 29. Rg6 Rff8 30. Qe6+ Kh8 31. Qe7 Rg8 32. Qd7 Be3 33. Qf5 Rbf8
34. Rxh6+ 1-0

[Event "309th YMCA Autumn D"]
[Site "Warsaw"]
[Date "2025.10.16"]
[Round "5"]
[White "Chojnacki, Grzegorz"]
[Black "Sloniewski, Wojciech"]
[Result "1-0"]
[WhiteElo "1447"]
[BlackElo "1462"]
[PlyCount "33"]
[EventDate "2025.09.23"]
[EventRounds "1"]
[EventCountry "POL"]
[SourceDate "2025.10.01"]

1. Nc3 c5 2. Nf3 Nc6 3. d4 cxd4 4. Nxd4 Qc7 5. Ndb5 Qb8 6. Nd5 Kd8 7. Ndc7 a6
8. Nxa8 Qxa8 9. Nc3 Nf6 10. e4 e6 11. Bd3 b5 12. O-O Bb7 13. Be3 Bd6 14. Bxb5
axb5 15. Qxd6 Ne7 16. Bb6+ Ke8 17. Nxb5 1-0

[Event "309th YMCA Autumn D"]
[Site "Warsaw"]
[Date "2025.10.22"]
[Round "5"]
[White "Moszczynski-Petkowski, Rafal"]
[Black "Dzierzko, Marcin"]
[Result "0-1"]
[WhiteElo "1426"]
[BlackElo "1563"]
[PlyCount "80"]
[EventDate "2025.09.23"]
[EventRounds "1"]
[EventCountry "POL"]
[SourceDate "2025.10.01"]

1. Nf3 d5 2. e3 Nf6 3. c4 c6 4. b3 g6 5. Bb2 Bg7 6. d4 O-O 7. Nbd2 Bg4 8. Be2
Nbd7 9. O-O Re8 10. Rc1 h6 11. Re1 Ne4 12. Ne5 Bxe2 13. Rxe2 Nxd2 14. Qxd2 Nxe5
15. dxe5 dxc4 16. Rxc4 Qxd2 17. Rxd2 Rad8 18. Rcd4 Rxd4 19. exd4 Rd8 20. Bc3 f6
21. f4 fxe5 22. fxe5 Rd5 23. Kf1 c5 24. h3 h5 25. g4 hxg4 26. hxg4 Kf7 27. Kf2
Ke6 28. Kf3 cxd4 29. Rxd4 Bxe5 30. Rxd5 Kxd5 31. Bd2 Bd6 32. Ke3 e5 33. Kd3 e4+
34. Ke3 Bh2 35. Be1 g5 36. Bf2 Bf4+ 37. Ke2 e3 38. Bxe3 Bxe3 39. Kxe3 Ke5 40.
Kf3 Kd4 0-1

[Event "309th YMCA Autumn D"]
[Site "Warsaw"]
[Date "2025.10.30"]
[Round "5"]
[White "Martin, Aisha"]
[Black "Przybylik, Mariusz"]
[Result "1-0"]
[WhiteElo "1469"]
[BlackElo "1534"]
[PlyCount "69"]
[EventDate "2025.09.23"]
[EventRounds "1"]
[EventCountry "POL"]
[SourceDate "2025.10.01"]

1. d4 d5 2. c4 e6 3. cxd5 exd5 4. Nc3 Nf6 5. Bg5 Be6 6. e3 Be7 7. Bd3 O-O 8.
Nge2 Bg4 9. f3 Be6 10. O-O c6 11. Qc2 h6 12. Bh4 Nbd7 13. Kh1 Re8 14. e4 dxe4
15. fxe4 Nb6 16. Rad1 Bc4 17. e5 Bxd3 18. Rxd3 Nfd5 19. Bxe7 Rxe7 20. Rg3 Nxc3
21. bxc3 Nd5 22. Qf5 Qd7 23. Qh5 Kh7 24. c4 Nb6 25. Rh3 Nxc4 26. Rh4 Rh8 27.
Ng3 Ne3 28. Rf3 Nd5 29. h3 Rf8 30. Nf5 Re6 31. Rg3 Rg6 32. Rhg4 Rxg4 33. Rxg4
Rg8 34. Rxg7+ Rxg7 35. Qxh6+ 1-0

[Event "309th YMCA Autumn D"]
[Site "Warsaw"]
[Date "2025.10.24"]
[Round "5"]
[White "Florczak, Witold"]
[Black "Dabrowski, Leszek"]
[Result "0-1"]
[WhiteElo "1449"]
[BlackElo "1479"]
[PlyCount "20"]
[EventDate "2025.09.23"]
[EventRounds "1"]
[EventCountry "POL"]
[SourceDate "2025.10.01"]

1. e4 d5 2. exd5 Nf6 3. d4 Nxd5 4. c4 Nb4 5. Qa4+ N8c6 6. d5 b5 7. cxb5 Bf5 8.
bxc6 Nc2+ 9. Ke2 Qxd5 10. Qb3 Nd4+ 0-1

[Event "309th YMCA Autumn D"]
[Site "Warsaw"]
[Date "2025.10.28"]
[Round "6"]
[White "Dabrowski, Leszek"]
[Black "Golebiowski, Sebastian"]
[Result "1-0"]
[WhiteElo "1479"]
[BlackElo "1447"]
[PlyCount "27"]
[EventDate "2025.09.23"]
[EventRounds "1"]
[EventCountry "POL"]
[SourceDate "2025.10.01"]

1. e4 c6 2. d4 d5 3. e5 Bf5 4. h4 h6 5. g4 Bh7 6. e6 fxe6 7. Bd3 Na6 8. Nf3 Nf6
9. Ne5 Bxd3 10. Qxd3 Ne4 11. c3 Nb8 12. f3 Nd6 13. Qg6+ Nf7 14. Qxf7# 1-0

[Event "309th YMCA Autumn D"]
[Site "Warsaw"]
[Date "2025.10.29"]
[Round "6"]
[White "Przybylik, Mariusz"]
[Black "Florczak, Witold"]
[Result "0-1"]
[WhiteElo "1534"]
[BlackElo "1449"]
[PlyCount "34"]
[EventDate "2025.09.23"]
[EventRounds "1"]
[EventCountry "POL"]
[SourceDate "2025.10.01"]

1. d4 d5 2. Nf3 Nf6 3. Bf4 c5 4. e3 Nc6 5. Bd3 c4 6. Be2 Qb6 7. Qc1 h6 8. h3
Bf5 9. c3 e6 10. Nbd2 Be7 11. O-O O-O 12. b3 Bd3 13. Bxd3 cxd3 14. Qb1 Qa6 15.
Ne5 Nxe5 16. Bxe5 Ne4 17. Qb2 Ba3 0-1

[Event "309th YMCA Autumn D"]
[Site "Warsaw"]
[Date "2025.10.31"]
[Round "6"]
[White "Dzierzko, Marcin"]
[Black "Martin, Aisha"]
[Result "1-0"]
[WhiteElo "1563"]
[BlackElo "1469"]
[PlyCount "77"]
[EventDate "2025.09.23"]
[EventRounds "1"]
[EventCountry "POL"]
[SourceDate "2025.10.01"]

1. e4 c5 2. c3 Nf6 3. e5 Nd5 4. d4 cxd4 5. cxd4 Nc6 6. Nf3 e6 7. Bc4 d6 8. O-O
Be7 9. Bd2 a6 10. Nc3 dxe5 11. dxe5 b5 12. Bb3 O-O 13. Rc1 Bb7 14. Nxd5 exd5
15. Be3 Na5 16. Nd4 Nc4 17. Nf5 Nxe3 18. Nxe3 Bg5 19. f4 Qb6 20. Qd3 Be7 21.
Kh1 Bc5 22. Nxd5 Bxd5 23. Qxd5 Rac8 24. f5 a5 25. a3 b4 26. a4 Qc6 27. Qd2 Rfd8
28. Qe2 Qh6 29. Rcd1 Rxd1 30. Rxd1 Qe3 31. Qxe3 Bxe3 32. Bc4 Kf8 33. b3 Rc5 34.
f6 Rc8 35. Rd7 gxf6 36. Rxf7+ Ke8 37. Rxh7 fxe5 38. Rh8+ Kd7 39. Be6+ 1-0

[Event "309th YMCA Autumn D"]
[Site "Warsaw"]
[Date "2025.11.06"]
[Round "6"]
[White "Matyszkiewicz, Radoslaw"]
[Black "Moszczynski-Petkowski, Rafal"]
[Result "1-0"]
[WhiteElo "1550"]
[BlackElo "1426"]
[PlyCount "41"]
[EventDate "2025.09.23"]
[EventRounds "1"]
[EventCountry "POL"]
[SourceDate "2025.10.01"]

1. e4 c6 2. d4 d5 3. exd5 cxd5 4. Bd3 Nc6 5. c3 e5 6. dxe5 Nxe5 7. Nf3 Nxd3+ 8.
Qxd3 Nf6 9. O-O Be7 10. Nbd2 O-O 11. Nb3 b6 12. Re1 Bb7 13. Bf4 Re8 14. Nbd4
Rc8 15. Re2 Ne4 16. Rae1 Qd7 17. Ne5 Qa4 18. f3 Nxc3 19. bxc3 Ba6 20. Qc2 Bxe2
21. Qxa4 1-0